Central Library, Doon University
WEBOPAC (ONLINE PUBLIC ACCESS CATALOGUE)

Business Communication (Record no. 59966)

MARC details
000 -LEADER
fixed length control field 00461nam a22001937a 4500
005 - DATE & TIME
control field 20260115165132.0
008 - FIXED-LENGTH DATA ELEMENTS--GENERAL INFORMATION
fixed length control field 260115b |||||||| |||| 00| 0 eng d
020 ## - ISBN
International Standard Book Number 9789350971413
Price 598.00
040 ## - CATALOGING SOURCE
Original cataloging agency Doon University
041 ## - Language
Language English
082 ## - DDC NUMBER
Classification number 651.7
Book Number RAI
100 ## - MAIN ENTRY--PERSONAL NAME
Personal name Rai, Urmila
245 ## - TITLE STATEMENT
Title Business Communication
260 ## - PUBLICATION, DISTRIBUTION, ETC. (IMPRINT)
Place of publication, distribution, etc Mumbai
Name of publisher, distributor, etc Himalaya
Date of publication, distribution, etc 2025
300 ## - PHYSICAL DESCRIPTION
Pages 426
650 ## - Subject
Subject Management
700 ## - Added Entry Personal Name
Added Entry Personal Name Rai, S,M.
942 ## - ADDED ENTRY ELEMENTS (KOHA)
Koha item type Books
100 ## - MAIN ENTRY--PERSONAL NAME
-- 25921
700 ## - Added Entry Personal Name
-- 25922
952 ## - LOCATION AND ITEM INFORMATION (KOHA)
-- 2026-01-15
952 ## - LOCATION AND ITEM INFORMATION (KOHA)
-- 2026-01-15
952 ## - LOCATION AND ITEM INFORMATION (KOHA)
-- 2026-01-15
Holdings
Withdrawn status Lost status Source of classification or shelving scheme Damaged status Not for loan Location (home branch) Sublocation or collection (holding branch) Date acquired Koha issues (times borrowed) Koha full call number Accession No. Koha date last seen Koha item type
          Doon University Doon University 08.01.2026   651.7 RAI 51096 15.01.2026 Books
          Doon University Doon University 08.01.2026   651.7 RAI 51097 15.01.2026 Books
          Doon University Doon University 08.01.2026   651.7 RAI 51098 15.01.2026 Books
Contact : +91-135-2533126 (Library),+91-135-2533105 (Admin Office) , Email : doonlibrary@gmail.com

Powered by Koha